[Event "IECG TG-2004-0-15075"]
[Site "IECG email"]
[Date "2004.02.26"]
[Round "1"]
[White "Curtis, Taylor"]
[Black "Koelbach, Ralf"]
[Result "1-0"]
[WhiteElo "1803"]
[BlackElo "1800"]
[PlyCount "28"]
[EventDate "2004.02.26"]
[EventType "tourn (corr)"]
[EventRounds "6"]
[SourceTitle "Corr 2024"]
[Source "ChessBase"]
[SourceDate "2023.10.19"]
[SourceVersion "1"]
[SourceVersionDate "2023.10.19"]
[SourceQuality "1"]

1. e4 c5 2. b4 cxb4 3. a3 d5 4. e5 Nc6 5. d4 Qb6 6. Ne2 Bg4 7. axb4 Bxe2 8. Bxe2 Qxd4 9. Qxd4 Nxd4 10. Bd3 e6 11. c3 Nc6 12. f4 d4 13. b5 Nce7 14. cxd4 Nd5 1-0